000 00528cam a2200205ua 4500
001 2222
005 20260515113448.0
008 111126n ii |||gr||||Z||||||eng
040 _cMAIN
082 _a370.15
100 _aSarkar,
_eEditor.
245 1 _aStudies in educational psychology
_cby Sarkar & Mitra
250 _a1st.
260 _aCalcutta:
_bBhabani publishing concern.
300 _a220p:
_c23cm.
653 _aEducation
653 _aStudies in educational psychology
700 _aMitra,
_eEditor.
942 _cBK
999 _c2087
_d2087